Statistics for 最近的省會

Click here to take the quiz!

General Stats

  • This quiz has been taken 157 times
  • The average score is 25 of 34

Answer Stats

省會最近的省會% Correct
長春哈爾濱
97%
北京天津
97%
成都重慶
96%
重慶成都
96%
長沙南昌
93%
福州台北
93%
杭州上海
88%
哈爾濱長春
88%
合肥南京
87%
海口南寧
84%
廣州澳門
84%
貴陽重慶
83%
香港澳門
83%
呼和浩特太原
79%
澳門香港
77%
南京合肥
76%
上海杭州
75%
拉薩成都
75%
蘭州西寧
75%
昆明貴陽
75%
濟南石家莊
75%
南昌武漢
69%
台北福州
66%
天津北京
66%
瀋陽長春
65%
石家莊太原
64%
太原石家莊
64%
南寧海口
61%
烏魯木齊西寧
60%
武漢南昌
57%
西寧蘭州
44%
西安鄭州
43%
銀川蘭州
43%
鄭州太原
40%

Score Distribution

Percentile by Number Answered

Percent of People with Each Score

Your Score History

You have not taken this quiz